000 00660nam a2200181Ia 4500
008 151202s9999||||xx |||||||||||||| ||und||
082 _bPNVM-43079
100 _aघाणेकर मुसूदन.
245 _aअक्षर सांगते स्वभाव.
260 _b"इंद्रायणी साहित्य,पुणे."
260 _c1997
300 _a68
600 _aघाणेकर मुसूदन.
630 _aअक्षर सांगते स्वभाव.
700 _aघाणेकर मुसूदन.
730 _aअक्षर सांगते स्वभाव.
942 _cBOOK
999 _c1309031
_d1309028